Les pays occidentaux les plus touchés par le terrorisme depuis 2014 - Statistiques

Statistiques générales
  • Ce quiz a été pris 336 fois
  • Le résultat moyen est 6 sur 8
Statistiques - réponses
Nombre d'attaques Pays touché % Correct
17 France
99%
6 Allemagne
94%
4 Royaume-Uni
92%
16 Etats-Unis
86%
3 Belgique
84%
3 Canada
69%
1 Suède
64%
1 Danemark
45%
Aucun quiz correspondant
Distribution des résultats
% des personnes avec chaque résultat
Percentile par nombre de réponses
Votre historique - résultats
Vous n’avez pas pris ce quiz